| 000 | 00962cab a2200313 4500 | ||
|---|---|---|---|
| 001 | ABS56744 | ||
| 008 | 090401t1997 xxu||||| |||| 00| 0 eng d | ||
| 035 | _a(Sirsi) u77424 | ||
| 041 | _aeng | ||
| 100 | _aCook, A. | ||
| 245 | _aMultimillion pound transfer | ||
| 260 | _c1997 | ||
| 350 | _a0 | ||
| 490 |
_aBuilding _v267(7981) 14 March 1997, 54-58(5) |
||
| 520 | _aLooks at the recent trend in football clubs floating on the stock market and seeing money-making potential in investing in their stadia by building new facilities. `League table` of which clubs are developing. | ||
| 650 | _aCONSTRUCTION INDUSTRY | ||
| 650 | _aCONSTRUCTION MARKET | ||
| 650 | _aCOSTS | ||
| 650 | _aFOOTBALL CLUBS | ||
| 650 | _aFOOTBALL GROUNDS | ||
| 650 | _aFOOTBALL STADIA | ||
| 650 | _aOUT-OF-TOWN DEVELOPMENTS | ||
| 650 | _aSTADIA | ||
| 650 | _aSTADIUM | ||
| 650 | _aSTOCK MARKET FLOTATION | ||
| 690 | _aLEISURE | ||
| 942 | _n0 | ||
| 948 | _c26/03/1997 | ||
| 999 |
_c48679 _d48679 |
||